Contes cruels / (Record no. 141604)

MARC details
000 -LEADER
campo de control de longitud fija 00547nam a2200193 i 4500
001 - NÚMERO DE CONTROL
campo de control 141604
003 - IDENTIFICADOR DE NÚMERO DE CONTROL
campo de control ES-MaACL
005 - FECHA Y HORA DE LA ÚLTIMA TRANSACCIÓN
campo de control 20251005063116.0
007 - CAMPO FIJO DE DESCRIPCIÓN FÍSICA--INFORMACIÓN GENERAL
campo de control de longitud fija t|
008 - DATOS DE LONGITUD FIJA--INFORMACIÓN GENERAL
campo de control de longitud fija 070926q19001950fr ||||1| fre d
100 0# - ENTRADA PRINCIPAL--NOMBRE DE PERSONA
Nombre de persona Villiers de L'Isle-Adam, Auguste,
Títulos y otros términos asociados al nombre comte de
9 (RLIN) 115262
245 10 - MENCIÓN DEL TÍTULO
Título Contes cruels /
Mención de responsabilidad, etc. Comte de Villiers de L'Isle -Adam.
250 ## - MENCION DE EDICION
Mención de edición 17e ed.
260 ## - PUBLICACIÓN, DISTRIBUCIÓN, ETC.
Lugar de publicación, distribución, etc. Paris :
Nombre del editor, distribuidor, etc. Calmann Lévy,
Fecha de publicación, distribución, etc. [19-?]
300 ## - DESCRIPCIÓN FÍSICA
Extensión 252 p. ;
Dimensiones 19 cm.
852 ## - LOCALIZACIÓN
Ubicación ES-MaACL
Número de control de estantería G-8594
852 ## - LOCALIZACIÓN
Ubicación ES-MaACL
Número de control de estantería G-14645
Holdings
Estatus retirado Estado de pérdida Estado de daño No para préstamo Colección Biblioteca de origen Biblioteca actual Ubicación en estantería Fecha de adquisición Fuente de adquisición Total de préstamos Signatura topográfica completa Código de barras Visto por última vez Precio de reemplazo Tipo de ítem Koha
        Libros del s. XIX Biblioteca del Ateneo de Madrid Biblioteca del Ateneo de Madrid Sala Pecera Planta 3 17/01/2008     G-14645 1147342 23/02/2023 23/02/2023 Libro impreso antiguo
        Libros del s. XIX Biblioteca del Ateneo de Madrid Biblioteca del Ateneo de Madrid Sala Pecera Planta 3 17/01/2008     G-8594 1147341 23/02/2023 23/02/2023 Libro impreso antiguo